[Event "Rheinland Pfalz op 53th"]
[Site "Heimbach Weis"]
[Date "2025.06.21"]
[Round "5"]
[White "Frohneberg, Paul"]
[Black "Windmueller, Simon"]
[Result "1/2-1/2"]
[WhiteElo "1793"]
[BlackElo "2017"]
[PlyCount "120"]
[EventDate "2025.06.19"]
[EventType "swiss"]
[EventRounds "7"]
[EventCountry "GER"]
[SourceTitle "CB26_2025"]
[SourceDate "2025.06.25"]
[SourceVersion "1"]
[SourceVersionDate "2025.06.25"]
[SourceQuality "1"]

1. e4 c5 2. Nf3 d6 3. d4 cxd4 4. Nxd4 Nf6 5. Nc3 Nc6 6. Bg5 e6 7. f4 Be7 8. Qd3 a6 9. 0-0-0 Bd7 10. Be2 h6 11. Bh4 b5 12. Bf3 Rc8 13. Rhe1 Nb4 14. Qe3 g5 15. fxg5 hxg5 16. Bxg5 Ng4 17. Bxe7 Nxe3 18. Bxd8 Nxd1 19. Bf6 Rh6 20. Bg5 Rg6 21. Rxd1 Rxg5 22. h4 Rg7 23. a3 Nc6 24. Nxc6 Rxc6 25. h5 Ke7 26. Re1 Rc8 27. Ne2 e5 28. Nc3 Be6 29. Rd1 Rcg8 30. Rd2 f6 31. Nd1 Rg5 32. Ne3 f5 33. exf5 Bxf5 34. g4 Bxg4 35. Bxg4 Rxg4 36. Nxg4 Rxg4 37. Rh2 Rg7 38. Kd2 Kf6 39. b3 Rh7 40. c4 bxc4 41. bxc4 Kg5 42. Ke3 Rxh5 43. Rxh5+ Kxh5 44. Ke4 Kg5 45. c5 Kf6 46. cxd6 Ke6 47. d7 Kxd7 48. Kxe5 Kc8 49. Kd4 a5 50. a4 Kb8 51. Kc3 Ka8 52. Kb2 Kb7 53. Ka1 Kc6 54. Ka2 Kc5 55. Ka1 Kb4 56. Ka2 Kxa4 57. Ka1 Kb3 58. Kb1 a4 59. Ka1 a3 60. Kb1 a2+ 1/2-1/2

[Event "Heusenstamm Sparkassen op 11th"]
[Site "Heusenstamm"]
[Date "2024.11.24"]
[Round "7"]
[White "Kulkovets, Roman"]
[Black "Windmueller, Simon"]
[Result "1-0"]
[WhiteElo "1853"]
[BlackElo "2108"]
[PlyCount "83"]
[EventDate "2024.11.21"]
[EventType "swiss"]
[EventRounds "7"]
[EventCountry "GER"]
[SourceTitle "CB51_2024"]
[SourceDate "2024.12.18"]
[SourceVersion "1"]
[SourceVersionDate "2024.12.18"]
[SourceQuality "1"]

1. e4 d6 2. d4 Nf6 3. Bd3 e5 4. c3 Be7 5. f4 Nbd7 6. Nf3 exd4 7. cxd4 d5 8. e5 Ne4 9. Nc3 Nxc3 10. bxc3 g6 11. 0-0 Nf8 12. Qb3 c6 13. Ba3 Ne6 14. f5 Nf4 15. Bxe7 Qxe7 16. f6 Qc7 17. Bc2 Qa5 18. Rae1 Ne6 19. a4 Qd8 20. Qb4 b6 21. c4 a5 22. Qc3 Ba6 23. cxd5 cxd5 24. Bd3 Rc8 25. Qa3 Bxd3 26. Qxd3 Rc4 27. Rc1 Rxa4 28. Qb5+ Qd7 29. Rc8+ Nd8 30. Qxd7+ Kxd7 31. Rfc1 Rc4 32. R1xc4 dxc4 33. Rxc4 Nb7 34. Ng5 b5 35. Rc2 Ra8 36. d5 a4 37. e6+ Kd6 38. exf7 b4 39. Re2 Rf8 40. Re8 b3 41. Rxf8 b2 42. Ne4+ 1-0

[Event "Heusenstamm Sparkassen op 11th"]
[Site "Heusenstamm"]
[Date "2024.11.23"]
[Round "5"]
[White "Kirchmann, Sascha"]
[Black "Windmueller, Simon"]
[Result "1/2-1/2"]
[WhiteElo "1850"]
[BlackElo "2108"]
[PlyCount "42"]
[EventDate "2024.11.21"]
[EventType "swiss"]
[EventRounds "7"]
[EventCountry "GER"]
[SourceTitle "CB51_2024"]
[SourceDate "2024.12.18"]
[SourceVersion "1"]
[SourceVersionDate "2024.12.18"]
[SourceQuality "1"]

1. e4 c6 2. d4 d5 3. e5 c5 4. dxc5 e6 5. Nf3 Bxc5 6. a3 Nd7 7. b4 Be7 8. Bb2 f6 9. Bd3 Nh6 10. Nbd2 Nf7 11. exf6 Bxf6 12. Bxf6 Nxf6 13. c4 0-0 14. 0-0 Re8 15. Re1 d4 16. Qc2 e5 17. Ne4 h6 18. Nxf6+ Qxf6 19. Nxd4 Bg4 20. Nb5 Ng5 21. Be4 Qb6 1/2-1/2

[Event "GER-chT Lands U20"]
[Site "Tuebingen"]
[Date "2024.10.04"]
[Round "3"]
[White "Windmueller, Simon"]
[Black "Weber, Nikita"]
[Result "1/2-1/2"]
[WhiteElo "2052"]
[BlackElo "2130"]
[PlyCount "126"]
[EventDate "2024.10.03"]
[EventType "team-swiss"]
[EventRounds "7"]
[EventCountry "GER"]
[SourceTitle "CB47_2024"]
[SourceDate "2024.11.20"]
[SourceVersion "1"]
[SourceVersionDate "2024.11.20"]
[SourceQuality "1"]

1. e4 c5 2. Nf3 a6 3. c3 d5 4. exd5 Qxd5 5. d4 e6 6. Be3 Nd7 7. Nbd2 Ngf6 8. h3 b6 9. Qb3 Bb7 10. Rd1 Qxb3 11. Nxb3 Nd5 12. Bc1 Rc8 13. dxc5 Nxc5 14. Nxc5 Bxc5 15. Be2 h6 16. Ne5 Nf6 17. 0-0 b5 18. Bf3 Bxf3 19. Nxf3 0-0 20. Bf4 Rfd8 21. Be5 Ne4 22. Bd4 Bxd4 23. Nxd4 Nc5 24. f4 Rd5 25. Nb3 Nd3 26. Rd2 Rcd8 27. Nd4 Nc5 28. Re2 Na4 29. Rff2 b4 30. Nc6 Rd1+ 31. Kh2 bxc3 32. bxc3 R8d6 33. Ne5 Nxc3 34. Rc2 Ne4 35. Rfe2 f5 36. Rc8+ Kh7 37. Nf7 R6d2 38. Rh8+ Kg6 39. Ne5+ Kh5 40. g4+ fxg4 41. hxg4+ Kh4 42. Nf3+ Kxg4 43. Nxd2 Nxd2 44. Kg2 Nf3 45. Rg8 Nh4+ 46. Kf2 Nf5 47. Re8 Rd4 48. R2xe6 Ra4 49. Rg6+ Kxf4 50. Re2 a5 51. Kg1 Rd4 52. Rf2+ Ke5 53. Rb6 Nd6 54. Ra6 Rd1+ 55. Kg2 Rd5 56. Ra7 Nf5 57. Rb7 g5 58. a4 Ke4 59. Rb3 g4 60. Re2+ Kf4 61. Rf2+ Ke4 62. Re2+ Kf4 63. Rf2+ Ke4 1/2-1/2

[Event "Rheinland Pfalz op 14th"]
[Site "Neuwied"]
[Date "2024.06.01"]
[Round "6"]
[White "Windmueller, Simon"]
[Black "Sydykov, Bayastan"]
[Result "1/2-1/2"]
[WhiteElo "2041"]
[BlackElo "2181"]
[PlyCount "47"]
[EventDate "2024.05.30"]
[EventType "swiss"]
[EventRounds "7"]
[EventCountry "GER"]
[SourceTitle "CBM 220 Extra"]
[Source "ChessBase"]
[SourceDate "2024.07.31"]
[SourceVersion "1"]
[SourceVersionDate "2024.07.31"]
[SourceQuality "1"]

1. Nf3 Nf6 2. g3 c5 3. Bg2 Nc6 4. c4 e5 5. Nc3 Be7 6. d3 0-0 7. 0-0 d6 8. a3 h6 9. Rb1 Rb8 10. b4 b6 11. Ne1 Bd7 12. Nc2 Re8 13. Ne3 Bf8 14. b5 Nd4 15. Qa4 a5 16. Rb2 Be6 17. Ned5 Nxd5 18. Nxd5 g6 19. e3 Nf5 20. f4 Bg7 21. e4 Nd4 22. Rbf2 exf4 23. Nxf4 Rf8 24. Be3 1/2-1/2

[Event "Rheinland Pfalz op 14th"]
[Site "Neuwied"]
[Date "2024.05.31"]
[Round "3"]
[White "Windmueller, Simon"]
[Black "Syrov, Arkadi"]
[Result "0-1"]
[WhiteElo "2041"]
[BlackElo "2292"]
[PlyCount "48"]
[EventDate "2024.05.30"]
[EventType "swiss"]
[EventRounds "7"]
[EventCountry "GER"]
[SourceTitle "CBM 220 Extra"]
[Source "ChessBase"]
[SourceDate "2024.07.31"]
[SourceVersion "1"]
[SourceVersionDate "2024.07.31"]
[SourceQuality "1"]

1. d4 d5 2. Nf3 Nf6 3. e3 c5 4. dxc5 e6 5. a3 a5 6. c4 Bxc5 7. Nc3 0-0 8. b3 Nc6 9. Bb2 Qe7 10. Be2 Rd8 11. Qc2 d4 12. exd4 Bxd4 13. Nb5 Bxb2 14. Qxb2 e5 15. Nd2 Nd4 16. Nxd4 exd4 17. Kd1 Bf5 18. Bf3 Re8 19. Qxd4 Rad8 20. Qf4 Qc5 21. Ra2 Bb1 22. Ra1 Bg6 23. Bxb7 Ne4 24. Bxe4 Rxe4 0-1

[Event "Rheinland Pfalz op 14th"]
[Site "Neuwied"]
[Date "2024.05.30"]
[Round "2"]
[White "Mondorf, Karl Josef"]
[Black "Windmueller, Simon"]
[Result "0-1"]
[WhiteElo "1849"]
[BlackElo "2041"]
[PlyCount "72"]
[EventDate "2024.05.30"]
[EventType "swiss"]
[EventRounds "7"]
[EventCountry "GER"]
[SourceTitle "EXT 2025"]
[Source "ChessBase"]
[SourceDate "2024.10.14"]
[SourceVersion "1"]
[SourceVersionDate "2024.10.14"]
[SourceQuality "1"]

1. Nf3 d5 2. b3 Bg4 3. Ne5 Bh5 4. d4 Nd7 5. Nf3 e6 6. Bb2 Bd6 7. Nbd2 Ngf6 8. g3 0-0 9. Bg2 Ne4 10. 0-0 f5 11. c4 c6 12. Ne5 Nxe5 13. dxe5 Bc5 14. cxd5 exd5 15. Nxe4 fxe4 16. Qc2 Qb6 17. e3 Rae8 18. Qd2 Bg4 19. Rac1 Bb4 20. Qc2 Qa5 21. a3 Bxa3 22. Bc3 Bb4 23. Bd4 Qb5 24. Ra1 a5 25. Rfc1 Qe2 26. Qxe2 Bxe2 27. Bh3 h5 28. Rc2 Bd3 29. Rcc1 g5 30. Ra2 g4 31. Bg2 c5 32. Bb2 c4 33. bxc4 dxc4 34. Bd4 Re6 35. Bxe4 Bxe4 36. Rxc4 Bd5 0-1

[Event "GER-ch U16"]
[Site "Willingen"]
[Date "2024.05.22"]
[Round "6"]
[White "Krueger, Arthur"]
[Black "Windmueller, Simon"]
[Result "1-0"]
[WhiteElo "1959"]
[BlackElo "2041"]
[PlyCount "89"]
[EventDate "2024.05.19"]
[EventType "swiss"]
[EventRounds "9"]
[EventCountry "GER"]
[SourceTitle "CBM 220 Extra"]
[Source "ChessBase"]
[SourceDate "2024.07.31"]
[SourceVersion "1"]
[SourceVersionDate "2024.07.31"]
[SourceQuality "1"]

1. d4 d5 2. Nf3 e6 3. c3 Nf6 4. Bf4 c5 5. e3 Nc6 6. Nbd2 cxd4 7. exd4 Nh5 8. Bg5 f6 9. Bh4 Bd6 10. Bg3 Nxg3 11. hxg3 g6 12. Bd3 0-0 13. Qc2 f5 14. Bb5 Bd7 15. Bxc6 Bxc6 16. Kf1 Rc8 17. Re1 Qf6 18. Ne5 a6 19. Ndf3 Kg7 20. Qd2 h5 21. Ng5 Bxe5 22. Rxe5 Bd7 23. f4 b5 24. Kf2 Rc6 25. Nf3 Rfc8 26. Ree1 Be8 27. Ne5 Rb6 28. Nd3 a5 29. a3 Rc7 30. Nc5 Bf7 31. Re5 Qe7 32. Rhe1 Rxc5 33. dxc5 Qxc5+ 34. R5e3 a4 35. Qd4+ Qxd4 36. cxd4 Rc6 37. b3 Kf6 38. bxa4 bxa4 39. Rb1 Rc2+ 40. Kf3 Rd2 41. Rb4 Be8 42. Rc3 g5 43. fxg5+ Kxg5 44. Rc8 Bd7 45. Rd8 1-0

[Event "Oberliga Sued W 2324"]
[Site "Germany"]
[Date "2023.12.03"]
[Round "4.8"]
[White "Windmueller, Simon"]
[Black "Klein, Levent"]
[Result "1/2-1/2"]
[WhiteElo "2015"]
[BlackElo "1735"]
[PlyCount "48"]
[EventDate "2023.09.17"]
[EventType "team-tourn"]
[EventRounds "9"]
[EventCountry "GER"]
[SourceTitle "EXT 2025"]
[Source "ChessBase"]
[SourceDate "2024.10.14"]
[SourceVersion "1"]
[SourceVersionDate "2024.10.14"]
[SourceQuality "1"]
[WhiteTeam "Illingen Turm"]
[BlackTeam "Kaiserslautern"]
[WhiteTeamCountry "GER"]
[BlackTeamCountry "GER"]

1. Nf3 d5 2. e3 Nf6 3. c4 e6 4. b3 Be7 5. Bb2 c6 6. Nc3 0-0 7. Qc2 Nbd7 8. Be2 dxc4 9. Bxc4 b5 10. Be2 Bb7 11. 0-0 a6 12. Rac1 Rc8 13. Rfd1 Qb6 14. h3 Rfd8 15. d3 h6 16. Nd2 Nd5 17. Nxd5 cxd5 18. Qb1 Bf6 19. Bxf6 Nxf6 20. d4 b4 21. Rxc8 Rxc8 22. Rc1 Rc6 23. Bd3 Qc7 24. Rxc6 Qxc6 1/2-1/2

[Event "Oberliga Sued W 2223"]
[Site "Germany"]
[Date "2023.04.30"]
[Round "9.8"]
[White "Windmueller, Simon"]
[Black "Scheuermann, Gerhard"]
[Result "0-1"]
[WhiteElo "1688"]
[BlackElo "2097"]
[PlyCount "74"]
[EventDate "2022.10.23"]
[EventType "team-tourn"]
[EventRounds "9"]
[EventCountry "GER"]
[SourceTitle "EXT 2025"]
[Source "ChessBase"]
[SourceDate "2024.10.14"]
[SourceVersion "1"]
[SourceVersionDate "2024.10.14"]
[SourceQuality "1"]
[WhiteTeam "Illingen Turm"]
[BlackTeam "Schwarzenbach Caissa"]
[WhiteTeamCountry "GER"]
[BlackTeamCountry "GER"]

1. Nf3 f5 2. d3 Nf6 3. e4 d6 4. e5 dxe5 5. Nxe5 Nbd7 6. Bf4 Nxe5 7. Bxe5 e6 8. Nc3 Bd6 9. Qe2 0-0 10. 0-0-0 Bd7 11. d4 a6 12. d5 Bxe5 13. Qxe5 Ng4 14. Qe2 Qg5+ 15. Kb1 exd5 16. f4 Qh6 17. Nxd5 Bc6 18. Nxc7 Rac8 19. Qe6+ Qxe6 20. Nxe6 Rfe8 21. Bc4 Ne3 22. Bb3 Nxd1 23. Ng5+ Kf8 24. Rxd1 Bxg2 25. Ne6+ Ke7 26. Nxg7 Red8 27. Re1+ Be4 28. Nxf5+ Kf6 29. Ng3 Bd5 30. Bxd5 Rxd5 31. c3 Rcd8 32. Re2 h5 33. Re5 Rxe5 34. fxe5+ Kxe5 35. Nxh5 Rh8 36. Ng3 Rxh2 37. c4 Kf4 0-1